Gadjah putih Iskandar Muda. (Record no. 56370)

MARC details
000 -LEADER
fixed length control field 00673cam a22002291 4500
001 - CONTROL NUMBER
control field sa 64000654
003 - CONTROL NUMBER IDENTIFIER
control field DLC
005 - DATE AND TIME OF LATEST TRANSACTION
control field 20260227111957.0
008 - FIXED-LENGTH DATA ELEMENTS--GENERAL INFORMATION
fixed length control field 720622s1959 io ac 000 0 ind
010 ## - LIBRARY OF CONGRESS CONTROL NUMBER
LC control number sa 64000654
035 ## - SYSTEM CONTROL NUMBER
System control number (OCoLC)338541
040 ## - CATALOGING SOURCE
Original cataloging agency DLC
Transcribing agency OAU
Modifying agency DLC
042 ## - AUTHENTICATION CODE
Authentication code premarc
043 ## - GEOGRAPHIC AREA CODE
Geographic area code a-io---
050 00 - LIBRARY OF CONGRESS CALL NUMBER
Classification number DS646.1
Item number .D52
100 1# - MAIN ENTRY--PERSONAL NAME
Personal name Djamil, Muhammad Junus,
Dates associated with a name 1907-1978.
245 10 - TITLE STATEMENT
Title Gadjah putih Iskandar Muda.
260 ## - PUBLICATION, DISTRIBUTION, ETC.
Place of publication, distribution, etc. Kutaradja,
Name of publisher, distributor, etc. Lembaga Kebudajaan Atjeh
Date of publication, distribution, etc. [cover 1959]
300 ## - PHYSICAL DESCRIPTION
Extent 150 p.
Other physical details illus., ports.
Dimensions 22 cm.
500 ## - GENERAL NOTE
General note "Ralat": slip inserted.
651 #0 - SUBJECT ADDED ENTRY--GEOGRAPHIC NAME
Geographic name Nanggroe Aceh Darussalam (Indonesia)
General subdivision Description and travel.

No items available.

Powered by Koha